00625nam a2200181 i 4500001000300000245005100003260004300054300002700097500003500124650002200159655005800181020001800239040000800257041001100265080002800276008004100304856009800345bg00aSchritte international 2 :bzeszyt ucznia XXL. aIsmaning :bMax Hueber Verlag ;c2007. a48 s. :bil. ;c28 cm. aU góry okł. : Edycja polska 9aJęzyk niemiecki aMateriały pomocnicze dla szkół ponadgimnazjalnych a9783193518521 cBPK0 apolger a811.112.2(075.3-021.66) s pl f |000 0 pol  uhttp://koha.tu.koszalin.pl/cgi-bin/koha/opac-detail.pl?biblionumber=54323yKatalog online BPK